000 00443nam a22001577a 4500
005 20260331130821.0
008 260331b |||||||| |||| 00| 0 eng d
041 _aeng
082 _a344.5401 BAR-O
100 _aBARE ACT
245 _aTHE OCCUPATIONAL SAFETY, HEALTH AND WORKING CONDITIONS CODE, 2020 [ 37 OF 2020]
260 _aDELHI
_bPROFESSIONA; BOOK PUBLISHERS
_c2026
300 _a110;P
650 _aMINING ENGINEERING
942 _cBK
999 _c9103
_d9101